000 00659nam a2200193Ia 4500
003 GCL
008 140319s9999 xx 000 0 ara d
040 _aGCL /
_cGCL
082 0 4 _aد
_b050
_bد هـ
245 1 0 _aطارق البشرى الانسان والقاضى والمؤرخ ( الهلال فبراير 2002 )
260 _aالقاهرة :
_bدار الهلال للطباعة والنشر ،
_c2002
650 0 4 _aاتفاقيات كامب ديفيد
650 0 4 _aالثقافة العربية
650 0 4 _aالاقباط
650 0 4 _aالتعليم - مصر
650 0 4 _aالإنترنت
650 0 4 _aطارق البشرى
942 _2ddc
_cCR
999 _c6709
_d6709